| 000 | 02289nam a2200301 4500 | ||
|---|---|---|---|
| 003 | EC-UNACH | ||
| 005 | 20240424081608.0 | ||
| 006 | s||||gr|||| 00| 00 | ||
| 008 | 150116t9999 mx r gr 000 0 spa d | ||
| 020 | _a978-84-19164+05-6 | ||
| 040 |
_aEC-UNACH _cEC-UNACH |
||
| 041 | _aspa | ||
| 082 | 0 | 4 |
_223 _a011 _bL016707 |
| 100 | _aMuñoz Calero, Pilar | ||
| 245 | _aLa embriología del universo: arraigados en el mundo, conectados a la vida | ||
| 250 | _aPrimera Edición | ||
| 264 |
_aBarcelona _bEdiciones Luciérnaga _c2022 |
||
| 300 | _a460 páginas | ||
| 500 | _aUn llamado humanista para conectarnos con la «lógica de la vida» y plantarle cara a la suicida «lógica del mundo». Hace veinte años, la doctora Pilar Muñoz-Calero tuvo su primera y más aguda crisis de Sensibilidad Química Múltiple. La médico entusiasta que había sido hasta entonces se iba ensombreciendo hasta volverse un espectro de sí misma. El día en que entró en un hospital en Dallas que trataba enfermedades ambientales emergentes pesaba 35 kilos y algo le decía que no iba a ver más a sus hijos. La embriología del universo nace de este sobrecogedor episodio autobiográfico y narra la metamorfosis que vino después. Un acto de reaprendizaje: desaprender para volver a aprender aquello que de verdad tiene sentido. El libro es una invitación a despertar y frenar la hiperproducción a cualquier precio que hoy se refleja en tragedias como el calentamiento global o el culto a lo que nos intoxica y nos mata. Una obra, también, llena de serena sabiduría con el que parecerá que estamos oyendo meditar al universo. | ||
| 505 | _aPrólogo del químico e investigador David Díaz Díaz. -- 1. El sentido del sentido. -- 2. La lógica del mundo. -- 3. La lógica de la vida. -- 4. Sensibilidad química. -- 5. La embriología. -- 6. Viaje a la semilla. -- 7. Una promesa de belleza cumplida. -- 8. Desaprender para reaprender. -- 9. Probar otra vez. Fallar otra vez. Fallar mejor. -- 10. Agradecimientos. -- 11. Anexos. | ||
| 650 | _aCUATRO ELEMENTOS - FILOSOFÍA | ||
| 650 | _aAUTOAYUDA - SENTIDO | ||
| 942 |
_2ddc _c1 |
||
| 999 | _c12841 | ||